000 00293nam a22001097a 4500
008 230704b xxu||||| |||| 00| 0 eng d
082 _23
_a341
_bBRO 1979
245 _aPrinciples of Public International Law
260 _bOxford University Press
_c1979
300 _aXXXVIII,743p
942 _2ddc
_cBK
999 _c3932
_d3932